LEADER 01730nam a2200313 u 4500 001 000000036689 003 CaOOAMICUS 005 20070226112728.0 008 980327s1940 it u000 u ita u 035 $a10787896 040 $aPUL(R)$bita 100 1 $aRebuttati, Carlo.$0(OLS)http://pul/name/27692 245 12$aL'ordinamento matrimoniale concordatario :$bcon particolare riguardo alle disposizioni transitorie e con riferimento al nuovo libro primo del Codice Civile e al nuovo ordinamento dello stato civile /$cCarlo Rebuttati ; con prefazione di Maria D'Amelio. 260 $aRoma :$bSoc. Editrice del libro italiano,$c1940. 300 $a179 p. ;$c24 cm 500 $aInclude indici. 504 $aBibliografia a pič pagina. 650 4$aMatrimonio (diritto).$0(OLS)http://pul/subject/800 650 4$aDiritto civile$zItalia.$0(OLS)http://pul/subject/3770 850 $aPUL 852 $aPUL$W1$xDP2 Diritto Canonico 1$y64$m166 C 20$j50261$nBK-PRI$qStampati$B50261$CPULBib$Z2$F50261 $H23893 $82 852 $aPUL$W1$xDP1 Fondo Ciprotti$y59$m1540 D 29$j50262$nBK-PRI$b $qFondi$B50262$CPULBib$Z2$F50262 $H $81 941 1 $a8 941 1 $a1 960 $aDiritto matrimoniale$9800 961 $aINV: 23893.Stemma di Pio XII sul piatto anteriore. Precedente collocazione: 60 D. 961 $aINV: F. Ciprotti 996 $6245$aL'ordinamento matrimoniale concordatario :$bcon particolare riguardo alle disposizioni transitorie e con riferimento al nuovo libro primo del Codice Civile e al nuovo ordinamento dello stato civile$9(OLS)http://pul/title/50093 996 $6260$aRoma :$bSoc. Editrice del libro italiano$9(OLS)http://pul/publisher/63040 LEADER 01305nam a2200313 a 4500 001 000000167073 003 CaOOAMICUS 005 20180413121040.0 008 180413s1995 it u000 u ita r 020 $a88-06-13667-4* 032 $aLibriCat 040 $aPUL$bita 041 1 $aita$hger 100 1 $aBenjamin, Walter,$d1892-1940.$0(OLS)http://pul/name/71345 240 10$aSchriften.$lItaliano.$0(OLS)http://pul/title/206925 245 10$aAngelus Novus :$bsaggi e frammenti /$cWalter Benjamin ; a cura di Renato Solmi ; con un saggio di Fabrizio Desideri. 260 $aTorino :$bEinaudi,$c©1995. 300 $aLXVII, 344 p. ;$c21 cm. 490 1 $aEinaudi tascabili. Saggi ;$v271 700 1 $aDesideri, Fabrizio.$0(OLS)http://pul/name/40152 700 1 $aSolmi, Renato.$0(OLS)http://pul/name/83650 830 0$aEinaudi tascabili.$pSaggi ;$v271.$0(OLS)http://pul/title/38420 850 $aPUL 852 $aPUL$W1$xDP1 Fondo Dalla Palma$y117$m2 B 6$j15264$qFondi$B194615$CPULBib$Z2$F194615 $HDal293 $81 941 1 $a1 996 $6020$a88-06-13667-4*$9(OLS)http://pul/number/163787 996 $6245$aAngelus Novus :$bsaggi e frammenti$9(OLS)http://pul/title/206924 996 $6260$aTorino :$bEinaudi$9(OLS)http://pul/publisher/48130